Holiday Quiz

Random Holiday or Lyrics Quiz

Monster Mash Clicky-oke Quiz Stats

 Plays Quiz Updated Jun 20, 2016

Challenge
Share
Tweet
Embed
Score 0/26 Timer 04:00
0 Plays Today
% Correct
beheld an eerie sight
87.3%
he did the monster mash
87%
he did the monster mash
86.8%
late one night
86.1%
began to rise
80.8%
to my surprise
76%
it caught on in a flash
74.8%
from my electrodes
74%
it was a graveyard smash
73.5%
and shook his fist
64.5%
to my Transylvania twist?
64.2%
Drac's voice did ring
63.8%
Dracula and his son
63.2%
% Correct
by just one thing
63.1%
tell them Boris sent you. Then you can mash…
60.9%
The Crypt-Kicker Five
59.7%
from their humble abodes
59.5%
is the hit of the land
57.4%
in the castle east
54.8%
where the vampires feast
53.4%
the party had just begun
52.8%
backed by his baying hounds
48.9%
all were digging the sounds
47.8%
Drac's a part of the band
45.3%
this mash was meant too
43%
were about to arrive
38%

You're not logged in!

Compare scores with friends on all Sporcle quizzes.
Join for Free
OR
Log In

You Might Also Like...

Show Comments

Extras

Top Quizzes Today


Score Distribution

Your Account Isn't Verified!

In order to create a playlist on Sporcle, you need to verify the email address you used during registration. Go to your Sporcle Settings to finish the process.

Report this User

Report this user for behavior that violates our Community Guidelines.

Details: